|
|
|
|
| LEADER |
01991nam a2200457 a 4500 |
| 001 |
EBC3412438 |
| 003 |
MiAaPQ |
| 005 |
20200520144314.0 |
| 006 |
m o d | |
| 007 |
cr cn||||||||| |
| 008 |
770517s1976 bcca sb 101 0 eng d |
| 015 |
|
|
|a C76-16077-5
|
| 020 |
|
|
|z 0774800607
|
| 020 |
|
|
|z 0774800615
|
| 020 |
|
|
|z 9780774800617
|
| 020 |
|
|
|z 9780774857970
|
| 035 |
|
|
|a (MiAaPQ)EBC3412438
|
| 035 |
|
|
|a (Au-PeEL)EBL3412438
|
| 035 |
|
|
|a (CaPaEBR)ebr10218461
|
| 035 |
|
|
|a (CaONFJC)MIL322688
|
| 035 |
|
|
|a (OCoLC)923444627
|
| 040 |
|
|
|a MiAaPQ
|c MiAaPQ
|d MiAaPQ
|
| 043 |
|
|
|a n-cn---
|
| 050 |
|
4 |
|a HJ795.A1
|b N37 1976
|
| 082 |
0 |
4 |
|a 336.2/78/3338
|
| 245 |
0 |
0 |
|a Natural resource revenues
|h [electronic resource] :
|b a test of Federalism /
|c edited by Anthony Scott.
|
| 260 |
|
|
|a Vancouver :
|b University of British Columbia Press for the British Columbia Institute for Economic Policy Analysis,
|c c1976.
|
| 300 |
|
|
|a xvii, 261 p. :
|b ill.
|
| 490 |
1 |
|
|a British Columbia Institute for Economic Policy Analysis series ;
|v 3
|
| 500 |
|
|
|a Essays originated in a set of papers presented to the Victoria Conference on Natural Resource Revenues, held at the Empress Hotel, Victoria, B.C., 5-7 June 1975.
|
| 504 |
|
|
|a Includes bibliographical references and index.
|
| 533 |
|
|
|a Electronic reproduction. Ann Arbor, MI : ProQuest, 2015. Available via World Wide Web. Access may be limited to ProQuest affiliated libraries.
|
| 650 |
|
0 |
|a Revenue sharing
|z Canada
|v Congresses.
|
| 650 |
|
0 |
|a Intergovernmental fiscal relations
|z Canada
|v Congresses.
|
| 650 |
|
0 |
|a Natural resources
|x Taxation
|z Canada
|v Congresses.
|
| 655 |
|
4 |
|a Electronic books.
|
| 700 |
1 |
|
|a Scott, Anthony,
|d 1923-
|
| 710 |
2 |
|
|a ProQuest (Firm)
|
| 711 |
2 |
|
|a Victoria Conference on Natural Resource Revenues
|d (1975)
|
| 830 |
|
0 |
|a British Columbia Institute for Economic Policy Analysis series ;
|v 3.
|
| 856 |
4 |
0 |
|u https://ebookcentral.proquest.com/lib/matrademy/detail.action?docID=3412438
|z Click to View
|